Normal view
MARC view
- MANAGEMENT
Entry Topical Term
001 - CONTROL NUMBER
- control field: 39734
003 - CONTROL NUMBER IDENTIFIER
- control field: OSt
005 - DATE AND TIME OF LATEST TRANSACTION
- control field: 20260120154726.0
008 - FIXED-LENGTH DATA ELEMENTS
- fixed length control field: 260120|| aca||aabn | a|a d
040 ## - CATALOGING SOURCE
- Original cataloging agency: OSt
- Transcribing agency: OSt
150 ## - HEADING--TOPICAL TERM
- Topical term or geographic name entry element: MANAGEMENT
- Chronological subdivision: K1619
670 ## - SOURCE DATA FOUND
- Source citation: Work cat.: (OSt)89968: GHOSH P K 39733, AN OUTLINE OF COMPANY SECRETARIAL PRACTICE , 2009




